<?xml version="1.0" encoding="UTF-8"?><marc:collection xmlns:marc="http://www.loc.gov/MARC21/slim">
  <marc:record>
    <marc:leader>06747nas a2200805 c 4500</marc:leader>
    <marc:controlfield tag="001">010024522</marc:controlfield>
    <marc:controlfield tag="003">DE-101</marc:controlfield>
    <marc:controlfield tag="005">20250311204408.0</marc:controlfield>
    <marc:controlfield tag="007">tu</marc:controlfield>
    <marc:controlfield tag="008">991118d19551990gw u||p|  ||| 0||||1ger c</marc:controlfield>
    <marc:datafield tag="015" ind1=" " ind2=" ">
      <marc:subfield code="a">91,A25,0301</marc:subfield>
      <marc:subfield code="2">dnb</marc:subfield>
    </marc:datafield>
    <marc:datafield tag="016" ind1="7" ind2=" ">
      <marc:subfield code="2">DE-600</marc:subfield>
      <marc:subfield code="a">1859-4</marc:subfield>
    </marc:datafield>
    <marc:datafield tag="016" ind1="7" ind2=" ">
      <marc:subfield code="2">DE-101</marc:subfield>
      <marc:subfield code="a">010024522</marc:subfield>
    </marc:datafield>
    <marc:datafield tag="022" ind1=" " ind2=" ">
      <marc:subfield code="a">0433-7050</marc:subfield>
    </marc:datafield>
    <marc:datafield tag="022" ind1=" " ind2=" ">
      <marc:subfield code="a">0433-7050</marc:subfield>
      <marc:subfield code="2">6</marc:subfield>
    </marc:datafield>
    <marc:datafield tag="035" ind1=" " ind2=" ">
      <marc:subfield code="a">(DE-599)ZDB1859-4</marc:subfield>
    </marc:datafield>
    <marc:datafield tag="035" ind1=" " ind2=" ">
      <marc:subfield code="a">(OCoLC)1367291594</marc:subfield>
    </marc:datafield>
    <marc:datafield tag="040" ind1=" " ind2=" ">
      <marc:subfield code="a">9001</marc:subfield>
      <marc:subfield code="b">ger</marc:subfield>
      <marc:subfield code="c">DE-101</marc:subfield>
      <marc:subfield code="d">9999</marc:subfield>
    </marc:datafield>
    <marc:datafield tag="041" ind1=" " ind2=" ">
      <marc:subfield code="a">ger</marc:subfield>
    </marc:datafield>
    <marc:datafield tag="042" ind1=" " ind2=" ">
      <marc:subfield code="a">zdb</marc:subfield>
    </marc:datafield>
    <marc:datafield tag="043" ind1=" " ind2=" ">
      <marc:subfield code="c">XA-DE</marc:subfield>
    </marc:datafield>
    <marc:datafield tag="044" ind1=" " ind2=" ">
      <marc:subfield code="c">XA-DE</marc:subfield>
    </marc:datafield>
    <marc:datafield tag="082" ind1="7" ind2="4">
      <marc:subfield code="a">340</marc:subfield>
      <marc:subfield code="a">300</marc:subfield>
      <marc:subfield code="q">DE-600</marc:subfield>
      <marc:subfield code="2">22sdnb</marc:subfield>
    </marc:datafield>
    <marc:datafield tag="084" ind1=" " ind2=" ">
      <marc:subfield code="a">19</marc:subfield>
      <marc:subfield code="a">18</marc:subfield>
      <marc:subfield code="a">340</marc:subfield>
      <marc:subfield code="a">360</marc:subfield>
      <marc:subfield code="q">DE-101</marc:subfield>
      <marc:subfield code="2">sdnb</marc:subfield>
    </marc:datafield>
    <marc:datafield tag="084" ind1=" " ind2=" ">
      <marc:subfield code="a">PF 100</marc:subfield>
      <marc:subfield code="2">rvk</marc:subfield>
    </marc:datafield>
    <marc:datafield tag="084" ind1=" " ind2=" ">
      <marc:subfield code="a">600</marc:subfield>
      <marc:subfield code="a">650</marc:subfield>
      <marc:subfield code="2">rpb</marc:subfield>
    </marc:datafield>
    <marc:datafield tag="084" ind1=" " ind2=" ">
      <marc:subfield code="a">7.2c</marc:subfield>
      <marc:subfield code="a">7.8c</marc:subfield>
      <marc:subfield code="a">7.11a</marc:subfield>
      <marc:subfield code="q">DE-101</marc:subfield>
      <marc:subfield code="2">sswd</marc:subfield>
    </marc:datafield>
    <marc:datafield tag="110" ind1="1" ind2=" ">
      <marc:subfield code="0">(DE-588)35158-1</marc:subfield>
      <marc:subfield code="0">https://d-nb.info/gnd/35158-1</marc:subfield>
      <marc:subfield code="0">(DE-101)00035158X</marc:subfield>
      <marc:subfield code="a">Deutschland</marc:subfield>
      <marc:subfield code="g">Bundesrepublik</marc:subfield>
      <marc:subfield code="b">Bundesarbeitsgericht</marc:subfield>
      <marc:subfield code="e">Verfasser</marc:subfield>
      <marc:subfield code="4">aut</marc:subfield>
      <marc:subfield code="2">gnd</marc:subfield>
    </marc:datafield>
    <marc:datafield tag="222" ind1=" " ind2="0">
      <marc:subfield code="a">Entscheidungen des Bundesarbeitsgerichts</marc:subfield>
    </marc:datafield>
    <marc:datafield tag="245" ind1="1" ind2="0">
      <marc:subfield code="a">Entscheidungen des Bundesarbeitsgerichts</marc:subfield>
      <marc:subfield code="c">hrsg. von den Mitgliedern des Gerichtshofes</marc:subfield>
    </marc:datafield>
    <marc:datafield tag="264" ind1="3" ind2="1">
      <marc:subfield code="a">Berlin [u.a.]</marc:subfield>
      <marc:subfield code="b">de Gruyter</marc:subfield>
      <marc:subfield code="c">1955-1990</marc:subfield>
    </marc:datafield>
    <marc:datafield tag="336" ind1=" " ind2=" ">
      <marc:subfield code="a">Text</marc:subfield>
      <marc:subfield code="b">txt</marc:subfield>
      <marc:subfield code="2">rdacontent</marc:subfield>
    </marc:datafield>
    <marc:datafield tag="337" ind1=" " ind2=" ">
      <marc:subfield code="a">ohne Hilfsmittel zu benutzen</marc:subfield>
      <marc:subfield code="b">n</marc:subfield>
      <marc:subfield code="2">rdamedia</marc:subfield>
    </marc:datafield>
    <marc:datafield tag="338" ind1=" " ind2=" ">
      <marc:subfield code="a">Band</marc:subfield>
      <marc:subfield code="b">nc</marc:subfield>
      <marc:subfield code="2">rdacarrier</marc:subfield>
    </marc:datafield>
    <marc:datafield tag="362" ind1="0" ind2=" ">
      <marc:subfield code="a">1.1955 - 60.1990</marc:subfield>
    </marc:datafield>
    <marc:datafield tag="363" ind1="0" ind2="0">
      <marc:subfield code="8">1.1\x</marc:subfield>
      <marc:subfield code="a">1</marc:subfield>
      <marc:subfield code="i">1955</marc:subfield>
    </marc:datafield>
    <marc:datafield tag="363" ind1="1" ind2="0">
      <marc:subfield code="8">1.2\x</marc:subfield>
      <marc:subfield code="a">60</marc:subfield>
      <marc:subfield code="i">1990</marc:subfield>
    </marc:datafield>
    <marc:datafield tag="591" ind1=" " ind2=" ">
      <marc:subfield code="a">(Kopie)180!</marc:subfield>
    </marc:datafield>
    <marc:datafield tag="610" ind1="1" ind2="7">
      <marc:subfield code="0">(DE-588)35158-1</marc:subfield>
      <marc:subfield code="0">https://d-nb.info/gnd/35158-1</marc:subfield>
      <marc:subfield code="0">(DE-101)00035158X</marc:subfield>
      <marc:subfield code="a">Deutschland</marc:subfield>
      <marc:subfield code="g">Bundesrepublik</marc:subfield>
      <marc:subfield code="b">Bundesarbeitsgericht</marc:subfield>
      <marc:subfield code="9">rswk-swf</marc:subfield>
      <marc:subfield code="2">gnd</marc:subfield>
    </marc:datafield>
    <marc:datafield tag="610" ind1="1" ind2="7">
      <marc:subfield code="0">(DE-588)2116689-4</marc:subfield>
      <marc:subfield code="0">https://d-nb.info/gnd/2116689-4</marc:subfield>
      <marc:subfield code="0">(DE-101)007641451</marc:subfield>
      <marc:subfield code="a">Deutschland</marc:subfield>
      <marc:subfield code="b">Bundesarbeitsgericht</marc:subfield>
      <marc:subfield code="9">rswk-swf</marc:subfield>
      <marc:subfield code="2">gnd</marc:subfield>
    </marc:datafield>
    <marc:datafield tag="650" ind1=" " ind2="7">
      <marc:subfield code="0">(DE-588)4002769-7</marc:subfield>
      <marc:subfield code="0">https://d-nb.info/gnd/4002769-7</marc:subfield>
      <marc:subfield code="0">(DE-101)040027694</marc:subfield>
      <marc:subfield code="a">Arbeitsrecht</marc:subfield>
      <marc:subfield code="9">rswk-swf</marc:subfield>
      <marc:subfield code="2">gnd</marc:subfield>
    </marc:datafield>
    <marc:datafield tag="650" ind1=" " ind2="7">
      <marc:subfield code="0">(DE-588)4002769-7</marc:subfield>
      <marc:subfield code="0">https://d-nb.info/gnd/4002769-7</marc:subfield>
      <marc:subfield code="0">(DE-101)040027694</marc:subfield>
      <marc:subfield code="a">Arbeitsrecht</marc:subfield>
      <marc:subfield code="9">rswk-swf</marc:subfield>
      <marc:subfield code="2">gnd</marc:subfield>
    </marc:datafield>
    <marc:datafield tag="655" ind1=" " ind2="7">
      <marc:subfield code="0">(DE-588)4067488-5</marc:subfield>
      <marc:subfield code="0">https://d-nb.info/gnd/4067488-5</marc:subfield>
      <marc:subfield code="0">(DE-101)040674886</marc:subfield>
      <marc:subfield code="a">Zeitschrift</marc:subfield>
      <marc:subfield code="2">gnd-content</marc:subfield>
    </marc:datafield>
    <marc:datafield tag="655" ind1=" " ind2="7">
      <marc:subfield code="0">(DE-588)4152408-1</marc:subfield>
      <marc:subfield code="0">https://d-nb.info/gnd/4152408-1</marc:subfield>
      <marc:subfield code="0">(DE-101)04152408X</marc:subfield>
      <marc:subfield code="a">Entscheidungssammlung</marc:subfield>
      <marc:subfield code="2">gnd-content</marc:subfield>
    </marc:datafield>
    <marc:datafield tag="689" ind1="0" ind2="0">
      <marc:subfield code="0">(DE-588)35158-1</marc:subfield>
      <marc:subfield code="0">https://d-nb.info/gnd/35158-1</marc:subfield>
      <marc:subfield code="0">(DE-101)00035158X</marc:subfield>
      <marc:subfield code="D">b</marc:subfield>
      <marc:subfield code="a">Deutschland</marc:subfield>
      <marc:subfield code="g">Bundesrepublik</marc:subfield>
      <marc:subfield code="b">Bundesarbeitsgericht</marc:subfield>
    </marc:datafield>
    <marc:datafield tag="689" ind1="0" ind2="1">
      <marc:subfield code="0">(DE-588)4002769-7</marc:subfield>
      <marc:subfield code="0">https://d-nb.info/gnd/4002769-7</marc:subfield>
      <marc:subfield code="0">(DE-101)040027694</marc:subfield>
      <marc:subfield code="D">s</marc:subfield>
      <marc:subfield code="a">Arbeitsrecht</marc:subfield>
    </marc:datafield>
    <marc:datafield tag="689" ind1="0" ind2=" ">
      <marc:subfield code="5">DE-101</marc:subfield>
      <marc:subfield code="5">DE-101</marc:subfield>
    </marc:datafield>
    <marc:datafield tag="689" ind1="1" ind2="0">
      <marc:subfield code="0">(DE-588)2116689-4</marc:subfield>
      <marc:subfield code="0">https://d-nb.info/gnd/2116689-4</marc:subfield>
      <marc:subfield code="0">(DE-101)007641451</marc:subfield>
      <marc:subfield code="D">b</marc:subfield>
      <marc:subfield code="a">Deutschland</marc:subfield>
      <marc:subfield code="b">Bundesarbeitsgericht</marc:subfield>
    </marc:datafield>
    <marc:datafield tag="689" ind1="1" ind2="1">
      <marc:subfield code="0">(DE-588)4002769-7</marc:subfield>
      <marc:subfield code="0">https://d-nb.info/gnd/4002769-7</marc:subfield>
      <marc:subfield code="0">(DE-101)040027694</marc:subfield>
      <marc:subfield code="D">s</marc:subfield>
      <marc:subfield code="a">Arbeitsrecht</marc:subfield>
    </marc:datafield>
    <marc:datafield tag="689" ind1="1" ind2=" ">
      <marc:subfield code="5">DE-600</marc:subfield>
      <marc:subfield code="5">DE-600</marc:subfield>
    </marc:datafield>
    <marc:datafield tag="785" ind1="0" ind2="0">
      <marc:subfield code="i">Forts.:</marc:subfield>
      <marc:subfield code="a">Deutschland / Bundesarbeitsgericht</marc:subfield>
      <marc:subfield code="t">Entscheidungen des Bundesarbeitsgerichts</marc:subfield>
      <marc:subfield code="d">Frankfurt, M. : dfv-Mediengruppe, 1991-</marc:subfield>
      <marc:subfield code="x">0433-7050</marc:subfield>
      <marc:subfield code="w">(DE-600)1113642-X</marc:subfield>
      <marc:subfield code="w">(DE-101)016432932</marc:subfield>
    </marc:datafield>
    <marc:datafield tag="787" ind1="0" ind2="8">
      <marc:subfield code="i">In Beziehung stehendes Werk</marc:subfield>
      <marc:subfield code="n">Einzelausg.</marc:subfield>
      <marc:subfield code="a">Deutschland &lt;Bundesrepublik&gt; / Bundesarbeitsgericht</marc:subfield>
      <marc:subfield code="t">Beschluß / 1. 1. Senat / Bundesarbeitsgericht</marc:subfield>
      <marc:subfield code="d">Kassel : [Verlag nicht ermittelbar], 1959-1990</marc:subfield>
      <marc:subfield code="w">(DE-600)577901-7</marc:subfield>
      <marc:subfield code="w">(DE-101)013270044</marc:subfield>
    </marc:datafield>
    <marc:datafield tag="787" ind1="0" ind2="8">
      <marc:subfield code="i">In Beziehung stehendes Werk</marc:subfield>
      <marc:subfield code="n">Einzelausg.</marc:subfield>
      <marc:subfield code="a">Deutschland &lt;Bundesrepublik&gt; / Bundesarbeitsgericht</marc:subfield>
      <marc:subfield code="t">Beschluß / 2. 2. Senat / Bundesarbeitsgericht</marc:subfield>
      <marc:subfield code="d">Kassel : [Verlag nicht ermittelbar], 1960-1990</marc:subfield>
      <marc:subfield code="w">(DE-600)577902-9</marc:subfield>
      <marc:subfield code="w">(DE-101)013270052</marc:subfield>
    </marc:datafield>
    <marc:datafield tag="787" ind1="0" ind2="8">
      <marc:subfield code="i">In Beziehung stehendes Werk</marc:subfield>
      <marc:subfield code="n">Einzelausg.</marc:subfield>
      <marc:subfield code="a">Deutschland &lt;Bundesrepublik&gt; / Bundesarbeitsgericht</marc:subfield>
      <marc:subfield code="t">Beschluß  / 3. 3. Senat / Bundesarbeitsgericht</marc:subfield>
      <marc:subfield code="d">Kassel : [Verlag nicht ermittelbar], 1959-1989</marc:subfield>
      <marc:subfield code="w">(DE-600)577903-0</marc:subfield>
      <marc:subfield code="w">(DE-101)013270060</marc:subfield>
    </marc:datafield>
    <marc:datafield tag="787" ind1="0" ind2="8">
      <marc:subfield code="i">In Beziehung stehendes Werk</marc:subfield>
      <marc:subfield code="n">Einzelausg.</marc:subfield>
      <marc:subfield code="a">Deutschland &lt;Bundesrepublik&gt; / Bundesarbeitsgericht</marc:subfield>
      <marc:subfield code="t">Beschluß  / 4. 4. Senat / Bundesarbeitsgericht</marc:subfield>
      <marc:subfield code="d">Kassel : [Verlag nicht ermittelbar], 1959-1989</marc:subfield>
      <marc:subfield code="w">(DE-600)577904-2</marc:subfield>
      <marc:subfield code="w">(DE-101)013270079</marc:subfield>
    </marc:datafield>
    <marc:datafield tag="787" ind1="0" ind2="8">
      <marc:subfield code="i">In Beziehung stehendes Werk</marc:subfield>
      <marc:subfield code="n">Einzelausg.</marc:subfield>
      <marc:subfield code="a">Deutschland &lt;Bundesrepublik&gt; / Bundesarbeitsgericht</marc:subfield>
      <marc:subfield code="t">Beschluß / 5. 5. Senat / Bundesarbeitsgericht</marc:subfield>
      <marc:subfield code="d">Kassel : [Verlag nicht ermittelbar], 1960-1989</marc:subfield>
      <marc:subfield code="w">(DE-600)578065-2</marc:subfield>
      <marc:subfield code="w">(DE-101)01327161X</marc:subfield>
    </marc:datafield>
    <marc:datafield tag="787" ind1="0" ind2="8">
      <marc:subfield code="i">In Beziehung stehendes Werk</marc:subfield>
      <marc:subfield code="n">Einzelausg.</marc:subfield>
      <marc:subfield code="a">Deutschland &lt;Bundesrepublik&gt; / Bundesarbeitsgericht</marc:subfield>
      <marc:subfield code="t">Beschluß / 6. 6. Senat / Bundesarbeitsgericht</marc:subfield>
      <marc:subfield code="d">Kassel : [Verlag nicht ermittelbar], 1975-1989</marc:subfield>
      <marc:subfield code="w">(DE-600)578066-4</marc:subfield>
      <marc:subfield code="w">(DE-101)013271628</marc:subfield>
    </marc:datafield>
    <marc:datafield tag="787" ind1="0" ind2="8">
      <marc:subfield code="i">In Beziehung stehendes Werk</marc:subfield>
      <marc:subfield code="n">Einzelausg.</marc:subfield>
      <marc:subfield code="a">Deutschland &lt;Bundesrepublik&gt; / Bundesarbeitsgericht</marc:subfield>
      <marc:subfield code="t">Beschluß / 7. 7. Senat / Bundesarbeitsgericht</marc:subfield>
      <marc:subfield code="d">Kassel : [Verlag nicht ermittelbar], 1980-1990</marc:subfield>
      <marc:subfield code="w">(DE-600)578067-6</marc:subfield>
      <marc:subfield code="w">(DE-101)013271636</marc:subfield>
    </marc:datafield>
    <marc:datafield tag="787" ind1="0" ind2="8">
      <marc:subfield code="i">In Beziehung stehendes Werk</marc:subfield>
      <marc:subfield code="n">Einzelausg.</marc:subfield>
      <marc:subfield code="a">Deutschland &lt;Bundesrepublik&gt; / Bundesarbeitsgericht</marc:subfield>
      <marc:subfield code="t">Beschluß / 8. 8. Senat / Bundesarbeitsgericht</marc:subfield>
      <marc:subfield code="d">Kassel : [Verlag nicht ermittelbar], 1990-1990</marc:subfield>
      <marc:subfield code="w">(DE-600)1136671-0</marc:subfield>
      <marc:subfield code="w">(DE-101)016656164</marc:subfield>
    </marc:datafield>
    <marc:datafield tag="787" ind1="0" ind2="8">
      <marc:subfield code="i">In Beziehung stehendes Werk</marc:subfield>
      <marc:subfield code="n">Einzelausg.</marc:subfield>
      <marc:subfield code="a">Deutschland &lt;Bundesrepublik&gt; / Bundesarbeitsgericht</marc:subfield>
      <marc:subfield code="t">Urteil / 1. 1. Senat / Bundesarbeitsgericht</marc:subfield>
      <marc:subfield code="d">Kassel : [Verlag nicht ermittelbar], 1956-1990</marc:subfield>
      <marc:subfield code="w">(DE-600)573846-5</marc:subfield>
      <marc:subfield code="w">(DE-101)013238043</marc:subfield>
    </marc:datafield>
    <marc:datafield tag="787" ind1="0" ind2="8">
      <marc:subfield code="i">In Beziehung stehendes Werk</marc:subfield>
      <marc:subfield code="n">Einzelausg.</marc:subfield>
      <marc:subfield code="a">Deutschland &lt;Bundesrepublik&gt; / Bundesarbeitsgericht</marc:subfield>
      <marc:subfield code="t">Urteil / 2. 2. Senat / Bundesarbeitsgericht</marc:subfield>
      <marc:subfield code="d">Kassel : [Verlag nicht ermittelbar], 1958-1990</marc:subfield>
      <marc:subfield code="w">(DE-600)573847-7</marc:subfield>
      <marc:subfield code="w">(DE-101)013238051</marc:subfield>
    </marc:datafield>
    <marc:datafield tag="787" ind1="0" ind2="8">
      <marc:subfield code="i">In Beziehung stehendes Werk</marc:subfield>
      <marc:subfield code="n">Einzelausg.</marc:subfield>
      <marc:subfield code="a">Deutschland &lt;Bundesrepublik&gt; / Bundesarbeitsgericht</marc:subfield>
      <marc:subfield code="t">Urteil / 3. 3. Senat / Bundesarbeitsgericht</marc:subfield>
      <marc:subfield code="d">Kassel : [Verlag nicht ermittelbar], 1958-1990</marc:subfield>
      <marc:subfield code="w">(DE-600)573848-9</marc:subfield>
      <marc:subfield code="w">(DE-101)01323806X</marc:subfield>
    </marc:datafield>
    <marc:datafield tag="787" ind1="0" ind2="8">
      <marc:subfield code="i">In Beziehung stehendes Werk</marc:subfield>
      <marc:subfield code="n">Einzelausg.</marc:subfield>
      <marc:subfield code="a">Deutschland &lt;Bundesrepublik&gt; / Bundesarbeitsgericht</marc:subfield>
      <marc:subfield code="t">Urteil / 4. 4. Senat / Bundesarbeitsgericht</marc:subfield>
      <marc:subfield code="d">Kassel : [Verlag nicht ermittelbar], 1958-1990</marc:subfield>
      <marc:subfield code="w">(DE-600)573849-0</marc:subfield>
      <marc:subfield code="w">(DE-101)013238078</marc:subfield>
    </marc:datafield>
    <marc:datafield tag="787" ind1="0" ind2="8">
      <marc:subfield code="i">In Beziehung stehendes Werk</marc:subfield>
      <marc:subfield code="n">Einzelausg.</marc:subfield>
      <marc:subfield code="a">Deutschland &lt;Bundesrepublik&gt; / Bundesarbeitsgericht</marc:subfield>
      <marc:subfield code="t">Urteil / 5. 5. Senat / Bundesarbeitsgericht</marc:subfield>
      <marc:subfield code="d">Kassel : [Verlag nicht ermittelbar], 1958-1990</marc:subfield>
      <marc:subfield code="w">(DE-600)573850-7</marc:subfield>
      <marc:subfield code="w">(DE-101)013238086</marc:subfield>
    </marc:datafield>
    <marc:datafield tag="787" ind1="0" ind2="8">
      <marc:subfield code="i">In Beziehung stehendes Werk</marc:subfield>
      <marc:subfield code="n">Einzelausg.</marc:subfield>
      <marc:subfield code="a">Deutschland &lt;Bundesrepublik&gt; / Bundesarbeitsgericht</marc:subfield>
      <marc:subfield code="t">Urteil / 6. 6. Senat / Bundesarbeitsgericht</marc:subfield>
      <marc:subfield code="d">Kassel : [Verlag nicht ermittelbar], 1978-1990</marc:subfield>
      <marc:subfield code="w">(DE-600)573851-9</marc:subfield>
      <marc:subfield code="w">(DE-101)013238094</marc:subfield>
    </marc:datafield>
    <marc:datafield tag="787" ind1="0" ind2="8">
      <marc:subfield code="i">In Beziehung stehendes Werk</marc:subfield>
      <marc:subfield code="n">Einzelausg.</marc:subfield>
      <marc:subfield code="a">Deutschland &lt;Bundesrepublik&gt; / Bundesarbeitsgericht</marc:subfield>
      <marc:subfield code="t">Urteil / 7. 7. Senat / Bundesarbeitsgericht</marc:subfield>
      <marc:subfield code="d">Kassel : [Verlag nicht ermittelbar], 1979-1990</marc:subfield>
      <marc:subfield code="w">(DE-600)573852-0</marc:subfield>
      <marc:subfield code="w">(DE-101)013238108</marc:subfield>
    </marc:datafield>
    <marc:datafield tag="787" ind1="0" ind2="8">
      <marc:subfield code="i">In Beziehung stehendes Werk</marc:subfield>
      <marc:subfield code="n">Einzelausg.</marc:subfield>
      <marc:subfield code="a">Deutschland &lt;Bundesrepublik&gt; / Bundesarbeitsgericht</marc:subfield>
      <marc:subfield code="t">Urteil / 8. 8. Senat / Bundesarbeitsgericht</marc:subfield>
      <marc:subfield code="d">Kassel : [Verlag nicht ermittelbar], 1986-1990</marc:subfield>
      <marc:subfield code="w">(DE-600)238103-5</marc:subfield>
      <marc:subfield code="w">(DE-101)01142964X</marc:subfield>
    </marc:datafield>
    <marc:datafield tag="850" ind1=" " ind2=" ">
      <marc:subfield code="a">DE-101a</marc:subfield>
      <marc:subfield code="a">DE-101b</marc:subfield>
    </marc:datafield>
    <marc:datafield tag="889" ind1=" " ind2=" ">
      <marc:subfield code="w">(DE-101)551834242</marc:subfield>
    </marc:datafield>
    <marc:datafield tag="925" ind1="r" ind2=" ">
      <marc:subfield code="a">ra</marc:subfield>
    </marc:datafield>
  </marc:record>
</marc:collection>
